Catálogo
 En Linea

Nena se va de paseo con sus amigos. / (Registro nro. 47574)

Detalles MARC
000 -CABECERA
campo de control de longitud fija 00518nam a2200169 a 4500
001 - NÚMERO DE CONTROL
campo de control 000048086
005 - FECHA Y HORA DE LA ÚLTIMA TRANSACCIÓN
campo de control 20201002060918.0
008 - DATOS DE LONGITUD FIJA--INFORMACIÓN GENERAL
campo de control de longitud fija 181114s2015a rd 000 spa d
020 ## - NÚMERO INTERNACIONAL ESTÁNDAR DEL LIBRO
Número Internacional Estándar del Libro 9789945083927
040 ## - FUENTE DE LA CATALOGACIÓN
Centro catalogador/agencia de origen DO-SdBNP
Lengua de catalogación spa
Centro/agencia transcriptor BNPHU
082 ## - NÚMERO DE LA CLASIFICACIÓN DECIMAL DEWEY
Número de clasificación xxx
Número de documento/Ítem R685n
100 ## - ENTRADA PRINCIPAL--NOMBRE DE PERSONA
Nombre de persona Rodríguez Guglielmoni, Linda M.
9 (RLIN) 25666
245 #0 - MENCIÓN DE TÍTULO
Título Nena se va de paseo con sus amigos. /
Mención de responsabilidad, etc. Linda M. Rodriguez Guglielmoni.
260 ## - PUBLICACIÓN, DISTRIBUCIÓN, ETC.
Lugar de publicación, distribución, etc. Santo Domingo :
Nombre del editor, distribuidor, etc. Búho,
Fecha de publicación, distribución, etc. 2015.
300 ## - DESCRIPCIÓN FÍSICA
Extensión 28 p. :
Otras características físicas il
-- 23 cm
590 ## - NOTA LOCAL (RLIN)
Nota local Inventariado, 2018 / DG
Existencias
Estado de retiro Estado de pérdida Restricciones de uso No para préstamo Código de colección Localización permanente Ubicación/localización actual Ubicación en estantería Fecha de adquisición Número de inventario Total de préstamos Signatura topográfica completa Código de barras Fecha visto por última vez Precio válido a partir de Tipo de ítem Koha
      Excluido de préstamo Monografías: Libros y Folletos General General Depósito 14.11.2018 LF1   xxx R685n 48086-30 25.06.2020 25.06.2020 No se presta
      Excluido de préstamo Monografías: Libros y Folletos Patrimonio Dominicano Patrimonio Dominicano Depósito 14.11.2018 LF1   xxx R685n 48086-10 25.06.2020 25.06.2020 No se presta
      Excluido de préstamo Monografías: Libros y Folletos Patrimonio Dominicano Patrimonio Dominicano Depósito 14.11.2018 LF1   xxx R685n 48086-20 25.06.2020 25.06.2020 No se presta

Con tecnología Koha